000
00277nam a22001217a 4500
008
170927b xxu||||| |||| 00| 0 eng d
041
_a
eng
080
_a
37
100
_a
46
101
_a
EDU
245
_a
FREE SPEECH IN THE COOMUNITY
_c
ONEELLY.R.M
942
_2
udc
_c
BK
999
_c
30163
_d
30163